000 004810000a22001810004500
003 MACL
005 20150728121616.0
008 150728b xxu||||| |||| 00| 0 eng d
040 _aMACL
_cMACL
041 _aEnglish
082 _a330/GUP
100 _aGupta, S P
_92762
245 _aGlobalisation Economic Reforms and Employment Stratregy in India
260 _bAcademic Foundation
_c2006
_aNew Delhi
350 _a695
650 _aEconomics
_92763
942 _cBK
_k330/GUP
_2ddc
999 _c41816
_d41816